Validación de un procedimiento de calibración de higrómetros tanto en el laboratorio como in situ, utilizando soluciones acuosas de sales saturadas conforme a la norma ISO/IEC 17025:2017
Salvato in:
| Autore principale: | |
|---|---|
| Altri autori: | |
| Natura: | Libro |
| Lingua: | Spanish |
| Pubblicazione: |
San José, Costa Rica
2020
|
| Soggetti: | |
| Tags: |
Aggiungi Tag
Nessun Tag, puoi essere il primo ad aggiungerne!!
|
MARC
| LEADER | 00000nam a2200000Ia 4500 | ||
|---|---|---|---|
| 003 | 013601 | ||
| 005 | 20230508091519.0 | ||
| 008 | 140114s2020 cr a 000 ||spa d | ||
| 040 | |c cru CEDI | ||
| 100 | |a Alfaro Jiménez, Marco Vinicio, 1994- |9 446 | ||
| 245 | |a Validación de un procedimiento de calibración de higrómetros tanto en el laboratorio como in situ, utilizando soluciones acuosas de sales saturadas conforme a la norma ISO/IEC 17025:2017 | ||
| 260 | |a San José, Costa Rica |c 2020 | ||
| 500 | |a Proyecto de graduación (licenciatura en ingeniería química)--Universidad de Costa Rica. Facultad de Ingeniería. Escuela de Ingeniería Química | ||
| 501 | |a Directora de Proyecto de Graduación: M.Sc Paula Solano Sánchez | ||
| 650 | |x CALIDAD TOTAL |x HUMEDAD ATMOSFERICA - MODELOS MATEMATICOS |x TEMPERATURA ATMOSFERICA - MODELOS MATEMATICOS |x SOLUCIONES ACUOSAS |x LABORATORIOS |x NORMAS | ||
| 700 | |a Richmond Salazar Esteban, 1979- |d Director del TFG |9 22 | ||
| 942 | |c CEDI |h TFG 8752 |6 TFG_8752_000000000000000 | ||
| 999 | |c 22104 |d 22104 | ||
